000 00547nam a2200193 a 4500
001 23884
003 CO-ViMGA
008 141112s2004 ck r 000 u spa d
020 _a9789583023507
040 _aCO-ViMGA
_bspa
_cCO-ViMGA
082 0 4 _aGUTm
100 1 _aGutman, Claude
_934606
245 1 0 _aAquella vez...yo menti /
_cClaude Gutman, 1946 -
260 _aColombia :
_bpanAméricana
300 _a36p.
650 1 4 _a2 : VERDAD Y MENTIRA - CUENTOS INFANTILES
_934607
650 1 4 _aCUENTOS INFANTILES FRANCESES
_97840
942 _2ddc
_cBK
999 _c31957
_d31957